| 000 | 00626cam a2200217ua 4500 | ||
|---|---|---|---|
| 005 | 20260515114709.0 | ||
| 008 | 190801n ii |||gr||||Z||||||eng | ||
| 020 | _a9789382267256 | ||
| 040 |
_cMAIN _aIN-DiNC |
||
| 082 |
_a425 _bHAZ |
||
| 100 |
_aHazarika, Breez Mohan _eauthor |
||
| 245 |
_aInterface : _ba text book on AECC english communication / _cBy Breez Mohan Hazarika . |
||
| 260 |
_aDelhi: _bWorldview, _c2019. |
||
| 300 | _a147p. | ||
| 653 | _aSocial interaction | ||
| 653 | _aEnglish communication | ||
| 700 | _aPranami Bania, | ||
| 700 | _aKironmoy Chetia, | ||
| 700 | _aShikha Kothiyal, | ||
| 942 |
_cBK _2ddc |
||
| 999 |
_c9923 _d9923 |
||